Nước Nga và học thuyết Á - Âu /

Saved in:
Bibliographic Details
Main Author: Phan Anh Dũng.
Format: Article
Language:Vietnamese
Subjects:
Tags: Add Tag
No Tags, Be the first to tag this record!
Institutions: Thư viện Trường Đại học Đà Lạt
LEADER 00839nam a2200301 4500
001 DLU210000034
005 ##20210709
040 # # |a DLU  |b vie 
041 # # |a vie 
044 # # |a vn 
100 # # |a Phan Anh Dũng. 
245 # # |a Nước Nga và học thuyết Á - Âu /  |c Phan Anh Dũng. 
653 # # |a Địa chính trị 
653 # # |a Châu Á 
653 # # |a Châu Âu 
653 # # |a Học thuyết 
653 # # |a Liên bang Nga 
773 # # |t Nghiên cứu Châu Âu  |g Số 6(213), 2018, tr. 16-26 
920 # # |a Phòng Tạp chí -- Trung tâm Thông tin - Thư viện Trường Đại học Đà Lạt 
933 # # |a XH 
994 # # |a DLU 
900 # # |a True 
911 # # |a Hoàng Thị Huyền 
925 # # |a G 
926 # # |a A 
927 # # |a BB 
980 # # |a Thư viện Trường Đại học Đà Lạt